| 000 | 00809nam a22002177a 4500 | ||
|---|---|---|---|
| 008 | 160404b xxu||||| |||| 00| 0 eng d | ||
| 020 | _a978-007-132642-1 | ||
| 082 |
_22013 _aDC 332.1068 _bR72 |
||
| 100 |
_94702 _aRose, Peter S. |
||
| 245 |
_aBank management & financial services / _cPeter S. Rose, Sylvia C. Hudgins. |
||
| 250 | _aNinth Edition | ||
| 260 |
_aNew York, N.Y.: _bMcGraw-Hill Companies, Inc., _c©2013. |
||
| 300 |
_axxvi, 740 pages: _billustrations; _c25 cm. |
||
| 500 | _aIncludes index. | ||
| 650 | 0 |
_94703 _aFinancial institutions _zUnited States. |
|
| 650 | 0 |
_94704 _aBank management _zUnited States. |
|
| 650 | 0 |
_94705 _aFinancial services industry _zUnited States. |
|
| 650 | 0 |
_94706 _aBanks and banking, International. |
|
| 700 |
_94707 _aHudgins, Sylvia Conway _d1956- |
||
| 942 |
_2ddc _cDC |
||
| 999 |
_c1525 _d1525 |
||